000 00698cam a2200241 4500
001 ABS68711
008 050303n2005 000 0 eng u
035 _a(Sirsi) u128931
245 _aRegional: Bedfordshire and Buckingham
260 _c2005
490 _aProperty Week
_v70(8) 25 February 2005, 71-84(9)
590 _aABS
650 _aBEDFORDSHIRE
650 _aBUCKINGHAMSHIRE
650 _aMILTON KEYNES
650 _aAYLESBURY
650 _aLUTON
650 _aINDUSTRIAL MARKET
650 _aPROPERTY-COMMERCIAL PROPERTY-RETAIL PROPERTY-RETAIL PROPERTY MARKET
650 _aLEISURE MARKET
690 _aPROPERTY-COMMERCIAL PROPERTY-COMMERCIAL PROPERTY MARKET
942 _n0
999 _c74869
_d74869